| 000 | 01172nab a2200289 i 4500 | ||
|---|---|---|---|
| 001 | 194835 | ||
| 003 | ES-MaACL | ||
| 005 | 20250704062602.0 | ||
| 008 | 240517e1946 sp ||||| |||| 00| 0 spa d | ||
| 040 |
_bspa _cES-MaACL |
||
| 080 | _a001.32(460.271) | ||
| 100 | 1 |
_9102518 _aSánchez Camargo, Manuel, _d1911-1967 _eaut |
|
| 245 | 1 | 0 |
_aNuevo perfil del Ateneo / _cS. Camargo |
| 260 |
_aMadrid, _c1946 |
||
| 300 | _aP. 59-60 | ||
| 336 |
_2rdacontent _atexto |
||
| 337 |
_2rdamedia _asin mediación |
||
| 338 |
_2rdacarrier _avolumen |
||
| 520 | _aSe realiza un breve repaso histórico por la historia del Ateneo de Madrid, los locales que le han servido de sede, las tertulias que en el centro se han celebrado y las perspectivas de futuro que se le plantean | ||
| 530 | _aDisponible en formato digital | ||
| 610 | 2 | 4 |
_aAteneo de Madrid- _vHistoria _91925 |
| 773 |
_tRevista nacional de educación, _xISSN 0210-2269, _g1946, n. 60, p. 59-60 _01970 _92009 _w1970 |
||
| 856 |
_uhttp://hdl.handle.net/11162/82312 _yVersión en línea _z(Redined) |
||
| 942 |
_2udc _cANAB _n0 |
||
| 999 |
_c194835 _d194835 |
||